載入...
Water, past, present and future
| 主要作者: | |
|---|---|
| 格式: | Printed Book |
| 出版: |
Narendra Publishing House, Delhi
|
| 主題: |
| LEADER | 00590nam a2200193 4500 | ||
|---|---|---|---|
| 020 | |c Rs.1195.00 | ||
| 082 | |a 333.91 PAN-W | ||
| 100 | |a Panday, P N, Ed. et al | ||
| 245 | |a Water, past, present and future | ||
| 250 | |||
| 260 | |a Narendra Publishing House, Delhi | ||
| 300 | |a HB+174 | ||
| 490 | |||
| 500 | |||
| 590 | |a Southern book star |b SBS-T/179 dtd 01/08/2016 |c Rs.1195.00 | ||
| 650 | |a Water resources-- Land Economics | ||
| 942 | |c BK | ||
| 999 | |c 99386 |d 99386 | ||
| 952 | |0 0 |1 0 |4 0 |6 333_910000000000000_PANW |7 0 |9 112854 |a AQU |b AQU |g 0.00 |l 0 |o 333.91 PAN-W |p AQU05882 |r 2019-09-25 |w 2019-09-25 |y BK | ||